000 00900nam a22002657a 4500
003 BUBTL
008 160206b xxu||||| |||| 00| 0 eng d
020 _a9788131721421
041 _aeng
082 _222
_a629.83/ F8541f/ 2006
100 _95438
_aFranklin, Gene F.
245 _aFeedback Control of Dynamic Systems /
_cGene F. Franklin, J. David Powell, Abbas Emami-Naeini.
250 _a5th ed.
260 _aIndia :
_bPearson,
_cc2006
300 _axvi, 703 p. :
_c24 cm
500 _aIncludes Index
505 _aFeedback Control of Dynamic Systems, Gene F. Franklin, J. David Powell, Abbas Emami-Naeini.
526 _aElectrical and Electronic Engineering
650 0 _94295
_aElectrical and Electronic Engineering
700 _95439
_a Powell, J. David
700 _95440
_aEmami-Naimi, Abbas
856 _k0
_l0
_yDownload
942 _2ddc
_cBK
999 _c5137
_d5137